[Event "TORO 2014 (Open)"]
[Site "Gatineau"]
[Date "2014.06.06"]
[Round "1"]
[White "Potvin, Daniel"]
[Black "Adriaanse, Adam"]
[Result "0-1"]
[BlackElo "2197"]
[WhiteElo "1563"]

1.b3 e5 2.Bb2 Nc6 3.e3 Nf6 4.Bb5 d6 5.Ne2 Be7 6.d3 O-O 7.Bxc6 bxc6 8.O-O a5
9.a4 Be6 10.Nd2 Nd7 11.Ba3 Nb6 12.f4 exf4 13.Nxf4 Bd7 14.Nf3 Bf6 15.Rb1 Nd5
16.Ne2 Nxe3 17.Qd2 Nxf1 18.Rxf1 Re8 19.Ng3 c5 20.Nh5 Bg4 21.Nxf6+ Qxf6 22.Ng5
Qd4+ 23.Qf2 Qxf2+ 24.Rxf2 Re1+ 25.Rf1 Rxf1+ 26.Kxf1 Bd1 0-1

[Event "TORO 2014 (Open)"]
[Site "Gatineau"]
[Date "2014.06.06"]
[Round "1"]
[White "Ritchie, Gordon"]
[Black "Djerkovic, Miladin"]
[Result "0-1"]
[BlackElo "2242"]
[WhiteElo "1861"]

1.e4 e5 2.Nf3 Nc6 3.Bc4 Bc5 4.c3 Nf6 5.d3 d6 6.Nbd2 a6 7.Bb3 Ba7 8.O-O O-O
9.h3 Ne7 10.Re1 Ng6 11.Nf1 Nh5 12.d4 Nhf4 13.Ne3 c6 14.Bc2 Qc7 15.Nf5 c5
16.dxe5 dxe5 17.Qd6 Bb8 18.Qxc7 Bxc7 19.Be3 b6 20.Kh2 Bb7 21.g3 Ne6 22.Rad1
Rfd8 23.h4 h5 24.Ng5 c4 25.b4 Nxg5 26.Bxg5 f6 27.Bc1 Kf7 28.a4 Ne7 29.Ne3 b5
30.a5 g6 31.f3 Ke6 32.g4 hxg4 33.fxg4 Rxd1 34.Rxd1 Rh8 35.Kg3 Bb8 36.Re1 Ba7
37.Re2 Nc8 38.Ng2 Nd6 39.Be3 Bxe3 40.Rxe3 f5 41.gxf5+ gxf5 42.exf5+ Nxf5+
43.Bxf5+ Kxf5 44.Ne1 Rg8+ 45.Kf2 Kf4 46.Rh3 Rf8 47.Re3 Kg4+ 48.Ke2 Rf5 49.h5
Rxh5 50.Nf3 Kf4 51.Kf2 Rh3 0-1

[Event "TORO 2014 (Open)"]
[Site "Gatineau"]
[Date "2014.06.06"]
[Round "1"]
[White "Gelblum, Robert"]
[Black "Krolczyk, Jacob "]
[Result "1-0"]
[BlackElo "1849"]
[WhiteElo "2233"]

1.e4 c5 2.Nf3 d6 3.Bb5+ Nd7 4.c3 a6 5.Ba4 b5 6.Bc2 Bb7 7.d4 cxd4 8.cxd4 e6
9.O-O Ngf6 10.Qe2 Be7 11.Re1 Qc7 12.a3 O-O 13.Nc3 Rac8 14.h3 Nb6 15.e5 Bxf3
16.Qxf3 dxe5 17.dxe5 Nfd5 18.Nxd5 Nxd5 19.Bd3 Bc5 20.Qe4 g6 21.Bg5 Qb6 22.Qh4
Rfe8 23.Re4 a5 24.Rae1 b4 25.a4 Ne7 26.g4 Nc6 27.Bf6 Rc7 28.g5 Rd7 29.Qxh7+
1-0

[Event "TORO 2014 (Open)"]
[Site "Gatineau"]
[Date "2014.06.06"]
[Round "1"]
[White "Qin, Ziyi (Joey)"]
[Black "Desjardins, Michel"]
[Result "1-0"]
[BlackElo "1934"]
[WhiteElo "2431"]

1.Nf3 d5 2.d4 Bf5 3.c4 e6 4.Nc3 Nc6 5.Bf4 a6 6.e3 Nf6 7.Be2 Bb4 8.Rc1 O-O
9.O-O dxc4 10.Bxc4 Ne7 11.Qe2 Bxc3 12.bxc3 c6 13.Bb3 Rc8 14.Rfd1 h6 15.h3 Qa5
16.c4 Rfd8 17.Be5 Nd7 18.Bd6 Re8 19.e4 Bg6 20.c5 Nf6 21.Nd2 Rcd8 22.Nc4 Qb5
23.Bc2 a5 24.Bd3 Qa4 25.Bc2 Qb5 26.Rb1 Qa6 27.Rb6 Qa7 28.Rdb1 Rd7 29.Ne5
1-0

[Event "TORO 2014 (Open)"]
[Site "Gatineau"]
[Date "2014.06.06"]
[Round "1"]
[White "Sambuev, Bator"]
[Black "Upper, John"]
[Result "1-0"]
[BlackElo "2132"]
[WhiteElo "2589"]

1.d4 Nf6 2.c4 e6 3.Nc3 d5 4.Bg5 Be7 5.e3 O-O 6.Nf3 Nbd7 7.Rc1 c6 8.Bd3 dxc4
9.Bxc4 Nd5 10.h4 Nxc3 11.Rxc3 Nb6 12.Bxe7 Qxe7 13.Bb3 Nd5 14.Rc1 Bd7 15.h5
Rac8 16.h6 g6 17.Qd2 Nf6 18.Qa5 Rfd8 19.Qc5 Qxc5 20.dxc5 Be8 21.Rh4 Nd5
22.Ra4 a6 23.g4 f6 24.g5 Kf7 25.gxf6 Kxf6 26.e4 Nc7 27.e5+ Ke7 28.Ng5 Bf7
29.Rb4 Nb5 30.a4 Rd4 31.Bc4 Rcd8 32.axb5 axb5 33.Rb3 Rh4 34.Bf1 Rxh6 35.Rd3
Rxd3 36.Bxd3 Rh5 37.f4 Rh4 38.Ra1 h6 39.Nxf7 Kxf7 40.Ra7 Rxf4 41.Rxb7+ Kf8
42.Rc7 g5 43.Rxc6 g4 44.Rxe6 1-0

[Event "TORO 2014 (Open)"]
[Site "Gatineau"]
[Date "2014.06.07"]
[Round "2"]
[White "Djerkovic, Miladin"]
[Black "Sambuev, Bator"]
[Result "0-1"]
[BlackElo "2589"]
[WhiteElo "2242"]

1.e4 e5 2.Nf3 d6 3.d4 Nf6 4.Nc3 Nbd7 5.g3 Be7 6.Bg2 O-O 7.O-O Re8 8.Re1 c6
9.a4 a5 10.h3 Qc7 11.dxe5 dxe5 12.Nh4 g6 13.Qf3 Nc5 14.Nd1 Nfd7 15.Bh6 Ne6
16.Ne3 Nd4 17.Qd1 Nc5 18.f4 Rd8 19.Qc1 Bxh4 20.gxh4 exf4 21.Ng4 Bxg4 22.hxg4
f3 23.Bf4 Qd7 0-1

[Event "TORO 2014 (Open)"]
[Site "Gatineau"]
[Date "2014.06.07"]
[Round "2"]
[White "Adam Adriaanse"]
[Black "Qin, Ziyi (Joey)"]
[Result "0-1"]
[BlackElo "2431"]
[WhiteElo "2197"]

1.d4 Nf6 2.c4 g6 3.Nc3 Bg7 4.Bg5 O-O 5.Nf3 d6 6.e4 Na6 7.h3 Qe8 8.Be2 e5
9.dxe5 dxe5 10.O-O Nc5 11.Qc2 Ne6 12.Be3 Nh5 13.Rfd1 f5 14.Ng5 Nhf4 15.Nxe6
Nxe6 16.f3 c6 17.c5 Nd4 18.Bc4+ Kh8 19.Qd2 Qe7 20.Qd3 Qxc5 21.Ne2 Rd8 22.Nxd4
exd4 23.Bf4 fxe4 24.fxe4 Qe7 25.e5 b5 26.Bb3 Bf5 27.Qf3 Rac8 28.g4 Be6 29.Bg5
Qxg5 30.Bxe6 Rf8 31.Qd3 Rce8 32.Bd7 Rxe5 33.Bxc6 Re3 34.Qd2 Be5 35.Qg2 0-1

[Event "TORO 2014 (Open)"]
[Site "Gatineau"]
[Date "2014.06.07"]
[Round "2"]
[White "Krolczyk, Jacob"]
[Black "Lebrun, Roger"]
[Result "1/2-1/2"]
[BlackElo "1912"]
[WhiteElo "1849"]

1.Nf3 Nf6 2.g3 g6 3.Bg2 Bg7 4.O-O d6 5.d3 O-O 6.e4 c5 7.Nbd2 Nc6 8.a4 Bd7
9.Nc4 Ne8 10.Nh4 e6 11.f4 f5 12.c3 Rb8 13.Be3 b6 14.Nf3 a6 15.exf5 gxf5 16.d4
d5 17.Nce5 c4 18.Ng5 Nf6 19.Nxe6 Bxe6 20.Nxc6 Qd6 21.Nxb8 Rxb8 22.Qe2 Bf7
23.Qc2 Ne4 24.b3 cxb3 25.Qxb3 Rc8 26.Rfc1 Qe6 27.Bxe4 fxe4 28.Rc2 Rc6 29.f5
Qxf5 30.Rf1 Qd7 31.Rcf2 Be6 32.Qb4 Qd6 33.Qb2 Bh3 34.Rb1 Qc7 35.Bf4 Qc8
36.Qd2 h5 37.Bg5 Bg4 38.Qf4 Qf8 39.Qe3 Qa3 40.Qf4 Qf8 41.Qc1 Qc8 42.Qf4
1/2-1/2

[Event "TORO 2014 (Open)"]
[Site "Gatineau"]
[Date "2014.06.07"]
[Round "2"]
[White "Libersan, Mattieu"]
[Black "Ritchie, Gordon"]
[Result "1/2-1/2"]
[BlackElo "1861"]
[WhiteElo "1869"]

1.e4 d5 2.d4 dxe4 3.Nc3 Nf6 4.f3 exf3 5.Nxf3 Bg4 6.h3 Bxf3 7.Qxf3 c6 8.Be3 e6
9.Bd3 Bb4 10.O-O O-O 11.Ne2 Qd5 12.Qf2 Nbd7 13.c4 Qa5 14.Ng3 Be7 15.Bd2 Qd8
16.Bc3 Rc8 17.Rad1 b6 18.Kh1 Qc7 19.Qf3 Kh8 20.Nh5 Nxh5 21.Qxh5 g6 22.Qh6 f5
23.Rde1 Bf6 24.Rxe6 Rf7 25.Rfe1 Kg8 26.Re8+ Rf8 27.R8e7 Bxe7 28.Rxe7 Rf7
29.Rxf7 Kxf7 30.Qxh7+ Kf6 31.d5+ Ne5 32.Qh4+ Kf7 33.Qh7+ Kf6 34.Qh4+ Kf7
35.Qh7+ Kf6 36.Qh4+ 1/2-1/2

[Event "TORO 2014 (Open)"]
[Site "Gatineau"]
[Date "2014.06.07"]
[Round "2"]
[White "Forget, David"]
[Black "Cova, Ramon J"]
[Result "1/2-1/2"]
[BlackElo "2136"]
[WhiteElo "1821"]

1.d4 d5 2.c4 c6 3.Nf3 Nf6 4.cxd5 cxd5 5.Nc3 Nc6 6.Bf4 e6 7.e3 Be7 8.Bd3 O-O
9.O-O Nh5 10.Be5 Nxe5 11.Nxe5 Nf6 12.Rc1 a6 13.Na4 Bd6 14.f4 Nd7 15.Rf2 f6
16.Qh5 f5 17.Rfc2 Nf6 18.Qe2 Ne8 19.Nc5 Bxe5 20.fxe5 Rf7 21.b4 Rc7 22.Rc3 Bd7
23.Nxd7 Qxd7 24.Rxc7 Nxc7 25.Qc2 Ne8 26.Qc5 Kf7 27.b5 axb5 28.Bxb5 Qe7
29.Bxe8+ Rxe8 30.Qb6 Qa3 31.Rc7+ Kg6 32.Qb3 Qa5 33.Rc1 1/2-1/2

[Event "TORO 2014 (Open)"]
[Site "Gatineau"]
[Date "2014.06.07"]
[Round "3"]
[White "Adam Adriaanse"]
[Black "Devine, Norman"]
[Result "0-1"]
[BlackElo "1816"]
[WhiteElo "2197"]

1.Nf3 c5 2.e3 d5 3.b3 Nc6 4.Bb5 Nf6 5.Bb2 e6 6.O-O Be7 7.d3 O-O 8.Bxc6 bxc6
9.Nc3 Qc7 10.Nd2 e5 11.e4 d4 12.Na4 Be6 13.Ba3 Nd7 14.Rc1 Qa5 15.Bb2 Bg5
16.c3 Nb6 17.Nxb6 axb6 18.Ra1 dxc3 19.Nf3 cxb2 20.Rb1 Bf6 21.Rxb2 Rad8 0-1

[Event "TORO 2014 (Open)"]
[Site "Gatineau"]
[Date "2014.06.07"]
[Round "3"]
[White "Lebrun, Roger"]
[Black "Dumont, Félix"]
[Result "0-1"]
[BlackElo "2083"]
[WhiteElo "1912"]

1.e4 c5 2.Nf3 d6 3.d4 cxd4 4.Nxd4 Nf6 5.Nc3 Nc6 6.Bc4 Qb6 7.Nb3 e6 8.Be3 Qc7
9.Qe2 Be7 10.O-O-O a6 11.Kb1 b5 12.Bd3 O-O 13.g4 Bb7 14.g5 Nd7 15.f4 Nb4
16.Rhg1 Rfc8 17.f5 Nxd3 18.Qxd3 Ne5 19.Qe2 b4 20.Na4 Bxe4 21.Rc1 Nc4 22.fxe6
fxe6 23.Bb6 Qc6 24.Nd4 Qxa4 0-1

[Event "TORO 2014 (Open)"]
[Site "Gatineau"]
[Date "2014.06.07"]
[Round "3"]
[White "Zhou, Qiyu"]
[Black "Kellar, Ben"]
[Result "1-0"]
[BlackElo "1913"]
[WhiteElo "2262"]

1.e4 e5 2.Nf3 Nc6 3.Bb5 Nf6 4.d3 Ne7 5.O-O Ng6 6.Re1 Be7 7.d4 exd4 8.e5 Nd5
9.Qxd4 c6 10.Bc4 Nb6 11.Bb3 O-O 12.a4 c5 13.Qc3 d5 14.a5 d4 15.Qd3 Nd7 16.e6
fxe6 17.Bxe6+ Kh8 18.Qb3 Qc7 19.Bg5 Bd6 20.Na3 a6 21.Nc4 Nde5 22.Ncxe5 Bxe5
23.Nxe5 Nxe5 24.Qg3 Bxe6 25.Rxe5 Bg8 26.Rae1 Qxa5 27.Be7 Rae8 28.f4 Rf7 29.f5
Qc7 30.f6 g6 31.Rxc5 Qxg3 32.hxg3 h5 33.Rd1 Rfxe7 34.fxe7 Rxe7 35.Rxd4 Re1+
36.Kf2 Rb1 37.Rc8 1-0

[Event "TORO 2014 (Open)"]
[Site "Gatineau"]
[Date "2014.06.07"]
[Round "3"]
[White "Sambuev, Bator"]
[Black "Kraiouchkine, Nikita"]
[Result "1-0"]
[BlackElo "2319"]
[WhiteElo "2589"]

1.d4 Nf6 2.c4 e6 3.Nc3 d5 4.Bg5 Bb4 5.cxd5 exd5 6.e3 c5 7.Bb5+ Bd7 8.Bxd7+
Nbxd7 9.Ne2 h6 10.Bh4 Qb6 11.O-O cxd4 12.Na4 Qa6 13.Nxd4 O-O 14.a3 Bd6 15.Nc3
Be5 16.Bg3 Bxg3 17.hxg3 Ne5 18.Qe2 Qxe2 19.Ncxe2 Rfd8 20.Rfd1 Rac8 21.Rab1
Kf8 22.f3 Nc4 23.Kf2 Re8 24.Rd3 Re5 25.b3 Nd6 26.g4 Re7 27.Rc1 Rxc1 28.Nxc1
Rc7 29.Nce2 a6 30.a4 b5 31.axb5 axb5 32.Rd2 Nxg4+ 33.fxg4 Ne4+ 34.Ke1 Nxd2
35.Kxd2 Re7 36.Nc3 b4 37.Nxd5 Re4 38.Nf4 g6 39.Kd3 Re5 40.e4 h5 41.gxh5 gxh5
42.Nc6 Rg5 43.Nxb4 h4 44.Ke2 Rg3 45.Nbd3 f6 46.Kd2 Ke8 47.Kc3 Kd7 48.Kd4 Kd6
49.b4 Rg5 50.Ne1 Rg4 51.Ke3 f5 52.exf5 Ke5 53.Ned3+ Kxf5 54.b5 Rg8 55.Kd4 Kf6
56.b6 Ke7 57.Kd5 Kd8 58.Kc6 Rh8 59.Nc5 Rh6+ 60.Nfe6+ 1-0

[Event "TORO 2014 (Open)"]
[Site "Gatineau"]
[Date "2014.06.07"]
[Round "3"]
[White "Upper, John"]
[Black "Krolczyk, Jacob "]
[Result "1-0"]
[BlackElo "1849"]
[WhiteElo "2132"]

1.d4 Nf6 2.c4 g6 3.Nc3 Bg7 4.e4 d6 5.Be2 e5 6.dxe5 dxe5 7.Qxd8+ Kxd8 8.Nf3
Nbd7 9.O-O c6 10.Ng5 Rf8 11.f4 h6 12.Nf3 exf4 13.Bxf4 Re8 14.Nd2 Ne5 15.Rad1
Bd7 16.c5 g5 17.Bg3 Nfg4 18.Nc4 Nxc4 19.Bxg4 Re7 20.Rxd7+ Rxd7 21.Bxd7 Bd4+
22.Kh1 Kxd7 23.Rd1 1-0

[Event "TORO 2014 (Open)"]
[Site "Gatineau"]
[Date "2014.06.07"]
[Round "3"]
[White "Gelblum, Robert"]
[Black "Forget, David"]
[Result "1/2-1/2"]
[BlackElo "1821"]
[WhiteElo "2233"]

1.e4 e6 2.d3 d5 3.Qe2 Bc5 4.g3 dxe4 5.dxe4 Nf6 6.Bg2 b6 7.e5 Nd5 8.a3 Bb7
9.Nf3 a5 10.O-O c6 11.c4 Ne7 12.Rd1 Qc7 13.Nc3 O-O 14.Ne4 Nd7 15.Nxc5 Nxc5
16.Nd4 Rfd8 17.Bg5 Rxd4 18.Rxd4 Nb3 19.Rad1 Nxd4 20.Rxd4 Nf5 21.Rd3 c5
22.Bxb7 Qxb7 23.Be3 Kf8 1/2-1/2

[Event "TORO 2014 (Open)"]
[Site "Gatineau"]
[Date "2014.06.08"]
[Round "4"]
[White "Ritchie, Gordon"]
[Black "Cova, Ramon J"]
[Result "0-1"]
[BlackElo "2136"]
[EventDate "2014.??.??"]
[WhiteElo "1861"]

1.e4 Nf6 2.e5 Nd5 3.d4 Nb6 4.Nf3 d6 5.exd6 cxd6 6.Nc3 g6 7.Be3 Bg7 8.h3 O-O
9.Qd2 Re8 10.O-O-O d5 11.g4 Nc6 12.Bb5 a6 13.Bxc6 bxc6 14.b3 a5 15.a4 Qd6
16.Kb2 Qb4 17.Ka2 Nc4 18.bxc4 Ba6 19.Nb5 Qxc4+ 20.Ka3 cxb5 21.Qxa5 e6 22.Ne5
Qxc2 23.Nd7 bxa4 24.Qb4 Bc4 25.Rd2 Qe4 26.Rc1 Red8 27.Nc5 Qf3 28.g5 Rdb8
29.Qc3 Bf8 30.Rb2 Qxh3 31.Rxb8 Rxb8 32.Kxa4 Qh2 33.Qa5 Qd6 34.Rc3 Qc6+ 35.Ka3
Ra8 0-1

[Event "TORO 2014 (Open)"]
[Site "Gatineau"]
[Date "2014.06.08"]
[Round "4"]
[White "Qin, Ziyi (Joey)"]
[Black "Sambuev, Bator"]
[Result "0-1"]
[BlackElo "2589"]
[EventDate "2014.??.??"]
[WhiteElo "2431"]

1.e4 e5 2.Nf3 d6 3.d4 Nf6 4.dxe5 Nxe4 5.Qd5 Nc5 6.Bg5 Qd7 7.exd6 Bxd6 8.Nc3
O-O 9.O-O-O Nc6 10.Nb5 Ne7 11.Qc4 b6 12.Nxd6 cxd6 13.Bxe7 Qxe7 14.Qd4 Bf5
15.Bc4 Rac8 16.Rhe1 Ne6 17.Bxe6 Rxc2+ 18.Kb1 fxe6 19.Ka1 Rfc8 20.Qe3 Bg4
21.a3 Qf6 22.Rd4 Bxf3 23.gxf3 R8c4 24.Red1 d5 25.h4 b5 26.h5 h6 27.f4 a6
28.Ka2 a5 29.f5 Qxf5 30.f4 Qf6 31.R1d2 Rxd2 32.Rxd2 b4 33.Qb6 bxa3 34.Kxa3
Kh7 35.Qxa5 Qxf4 0-1

[Event "TORO 2014 (Open)"]
[Site "Gatineau"]
[Date "2014.06.08"]
[Round "4"]
[White "Adriaanse, Adam"]
[Black "Gelblum, Robert"]
[Result "0-1"]
[BlackElo "2233"]
[EventDate "2014.??.??"]
[WhiteElo "2197"]

1.d4 Nf6 2.c4 g6 3.Nc3 d5 4.cxd5 Nxd5 5.e4 Nxc3 6.bxc3 Bg7 7.Be3 c5 8.Qd2 Qa5
9.Nf3 O-O 10.Be2 Rd8 11.Rd1 Bg4 12.O-O Nc6 13.Qb2 cxd4 14.cxd4 Rd7 15.h3 Bxf3
16.Bxf3 Rad8 17.e5 Qa4 18.Bxc6 Qxc6 19.Rc1 Qe4 20.Rc2 h5 21.Rfc1 f5 22.Qb3+
Kh7 23.Qf7 e6 24.Qxe6 f4 25.Rc7 fxe3 26.Rxd7 exf2+ 27.Kxf2 Rxd7 28.Qxd7 Qf4+
29.Ke2 Qxc1 30.e6 Qc2+ 31.Ke1 Qb1+ 32.Ke2 Qxa2+ 33.Kf3 Qb3+ 34.Ke2 Qc2+
35.Ke1 Qe4+ 36.Kd1 Qd3+ 37.Ke1 Qb1+ 38.Ke2 Qc2+ 39.Ke1 Kh6 40.e7 Qe4+ 41.Kf1
Qd3+ 42.Ke1 Bf6 43.Kf2 Bxd4+ 44.Ke1 Bc3+ 0-1

[Event "TORO 2014 (Open)"]
[Site "Gatineau"]
[Date "2014.06.08"]
[Round "4"]
[White "Forget, David"]
[Black "Upper, John"]
[Result "0-1"]
[BlackElo "2132"]
[EventDate "2014.??.??"]
[WhiteElo "1821"]

1.d4 Nf6 2.c4 g6 3.Nc3 Bg7 4.e4 d6 5.Nf3 O-O 6.Be2 Na6 7.O-O e5 8.Be3 exd4
9.Nxd4 Re8 10.f3 c6 11.Qd2 d5 12.cxd5 cxd5 13.Bb5 Bd7 14.Bxa6 bxa6 15.exd5
Rc8 16.Rfe1 Rc4 17.Bf2 Qc7 { 35e } 0-1

[Event "TORO 2014 (Open)"]
[Site "Gatineau"]
[Date "2014.06.08"]
[Round "4"]
[White "Dumont, Fèlix"]
[Black "Desjardins, Michel"]
[Result "1-0"]
[BlackElo "1934"]
[EventDate "2014.??.??"]
[WhiteElo "2083"]

1.e4 d5 2.exd5 Qxd5 3.Nc3 Qd6 4.d4 Nf6 5.Nf3 a6 6.g3 Bg4 7.Bg2 Nc6 8.O-O
O-O-O 9.d5 Nxd5 10.Qxd5 Qxd5 11.Nxd5 Rxd5 12.Ng5 Rxg5 13.Bxg5 Nd4 14.f3 Bf5
15.c3 h6 16.Bd2 Nc6 17.f4 e6 18.b4 Be7 19.a4 Rd8 20.Ra2 Bd3 21.Re1 Bc4 22.Rb2
Bf6 23.Rc1 e5 24.Bf1 Bxf1 25.Kxf1 exf4 26.Bxf4 g5 27.Be3 Rd3 28.Bd2 Rd7 29.b5
axb5 30.axb5 Na5 31.Ke2 b6 32.Rb4 Be7 33.Re4 Nb3 34.Rd1 Nc5 35.Rd4 Bd6 36.Be3
Re7 37.Rxd6 cxd6 38.Rxd6 Ne4 39.Rc6+ Kd7 40.Kd3 Nd6 41.c4 f5 42.Bxb6 f4
43.Rc7+ Ke6 44.Rxe7+ Kxe7 45.gxf4 gxf4 46.Bc5 1-0

[Event "TORO 2014 (Open)"]
[Site "Gatineau"]
[Date "2014.06.08"]
[Round "4"]
[White "Hèbert, Jean"]
[Black "Djerkovic, Miladin"]
[Result "1-0"]
[BlackElo "2242"]
[EventDate "2014.??.??"]
[WhiteElo "2448"]

1.c4 Nf6 2.Nc3 e6 3.d4 Bb4 4.e3 c5 5.Ne2 b6 6.a3 Ba5 7.Rb1 Na6 8.Bd2 Bb7 9.f3
O-O 10.d5 exd5 11.cxd5 b5 12.Nxb5 Nxd5 13.Kf2 Bxd2 14.Qxd2 Qb6 15.Ng3 Rfe8
16.e4 Nac7 17.exd5 Nxb5 18.Bc4 Nd6 19.b3 a5 20.Qf4 Ba6 21.Rhc1 Rab8 22.Nh5
Rec8 23.Qg5 Ne8 24.Re1 g6 25.Bxa6 Qxa6 26.Qh6 1-0

[Event "TORO 2014 (Open)"]
[Site "Gatineau"]
[Date "2014.06.08"]
[Round "4"]
[White "Kellar, Ben"]
[Black "Libersan, Mattieu"]
[Result "1/2-1/2"]
[BlackElo "1869"]
[EventDate "2014.??.??"]
[WhiteElo "1913"]

1.c4 Nf6 2.g3 e6 3.Bg2 d5 4.Nf3 c5 5.O-O Bd7 6.cxd5 exd5 7.d4 Bc6 8.Ne5 Be7
9.Nc3 O-O 10.Be3 Nbd7 11.Nxd7 Nxd7 12.Nxd5 cxd4 13.Nxe7+ Qxe7 14.Bxc6 bxc6
15.Qxd4 Rfd8 16.Qc3 c5 17.Rfd1 Rac8 18.Rd5 Nf6 19.Rxd8+ Qxd8 20.Rc1 Nd5
21.Qa3 Nxe3 22.Qxe3 Qb6 23.Qe7 Qxb2 24.Rxc5 Ra8 25.a3 h6 26.Rc7 Qa2 27.Rxa7
Rxa7 28.Qxa7 Qb1+ 29.Kg2 Qe4+ 30.f3 Qxe2+ 31.Qf2 Qa6 32.Qe3 Qa4 33.Qc3 Kh7
34.h4 h5 35.Kf2 f6 36.f4 Kg6 37.Qd3+ Kf7 38.Ke2 Qc6 39.Kd2 Qa4 40.Kc1 g6
41.Kb2 Kg7 42.Qc3 Qb5+ 43.Kc2 Qe2+ 44.Kb1 Qd1+ 45.Ka2 Qe2+ 46.Qb2 Qc4+ 47.Ka1
Qf1+ 48.Qb1 Qf3 49.Qb4 Qxg3 50.Qe7+ Kh6 51.Qxf6 Qxa3+ 52.Kb1 Qb3+ 53.Kc1 Kh7
54.Kd2 Qd5+ 55.Ke3 Qb3+ 56.Ke4 Qc4+ 57.Ke5 Qc5+ 58.Ke6 Qc6+ 59.Kf7 Qd7+
60.Qe7 Qf5+ 61.Ke8+ Kg8 62.Qg5 Qf7+ 63.Kd8 1/2-1/2

[Event "TORO 2014 (Open)"]
[Site "Gatineau"]
[Date "2014.06.08"]
[Round "5"]
[White "Potvin, Daniel"]
[Black "Kellar, Ben"]
[Result "1/2-1/2"]
[BlackElo "1913"]
[EventDate "2014.??.??"]
[WhiteElo "1563"]

1.b3 d5 2.Bb2 Nf6 3.e3 c5 4.Bb5+ Bd7 5.Bxd7+ Nbxd7 6.d3 e5 7.Ne2 Bd6 8.Ba3
O-O 9.Nd2 b5 10.c3 a5 11.Bb2 Re8 12.O-O e4 13.dxe4 dxe4 14.c4 b4 15.Ng3 Qc7
16.f4 Rad8 17.Nh5 Be7 18.Qe2 Nxh5 19.Qxh5 Nf6 20.Qe2 Rd7 21.Rad1 Qc6 22.Rfe1
Red8 23.Nf1 a4 24.Rxd7 Qxd7 25.Ng3 axb3 26.axb3 Qd3 27.Bxf6 Bxf6 28.Qa2 Bc3
29.Re2 Qd1+ 30.Nf1 g6 31.Qc2 f5 32.Qa2 Qd6 33.Qa4 h6 34.Qa5 g5 35.g3 Kh8
36.fxg5 hxg5 37.Qa7 Rd7 38.Qa8+ Kg7 39.Ra2 Qe5 40.Ra6 Rf7 41.Qc6 Rf6 42.Ra7+
Rf7 43.Ra6 1/2-1/2

[Event "TORO 2014 (Open)"]
[Site "Gatineau"]
[Date "2014.06.08"]
[Round "5"]
[White "Upper, John"]
[Black "Gelblum, Robert"]
[Result "1/2-1/2"]
[BlackElo "2233"]
[WhiteElo "2132"]

1.d4 Nf6 2.c4 g6 3.Nc3 d5 4.Nf3 Bg7 5.Qb3 dxc4 6.Qxc4 O-O 7.e4 a6 8.Be2 b5
9.Qb3 c5 10.dxc5 Be6 11.Qc2 b4 12.Na4 Nc6 13.Be3 Ng4 14.Bf4 b3 15.Qd2 Qxd2+
16.Bxd2 Nf6 17.Ng5 Nd4 18.Bd1 Bd7 19.Nb6 Ra7 20.axb3 Bb5 21.Bc3 Nd7 22.Nxd7
Rxd7 23.Nf3 Rfd8 24.e5 Ne6 25.Be2 Nxc5 26.Bxb5 axb5 27.O-O Nxb3 28.Ra6 Nc5
29.Rb6 Na4 30.Rxb5 Nxc3 31.bxc3 Rc7 32.Rb3 Rdc8 33.Rc1 Rc5 34.Kf1 Bxe5
35.Nxe5 Rxe5 36.Re1 1/2-1/2